Assorted Hollow Knight trivia #2 - Statistics

General Stats
  • This quiz has been taken 126 times
  • The average score is 8 of 20
Answer Stats
Hint Answer % Correct
Nail art that is learned by speakingto Nailmaster Mato Cyclone Slash
81%
A charm that takes up four notches Soul eater | Deep focus | Joni's blessing| Hiveblood
75%
...item that is dropped by this enemywhen killed Simple key
65%
Character that is found behind thecolosseum of fools Pale lurker
62%
Name of either ending that is achieved whenbeating the Pantheon of Hallownest Embrace the void | Delicate flower
58%
Insect that steals Hegemol's armour Maggot
54%
Any officially named Zoteling thatappears during the eternal ordeal Zoteling the mighty | Winged Zoteling| Hopping Zoteling | Volatile Zoteling
54%
Any boss in Godhome that is aware theyare in Godhome (from their dream nail dialogue) Hornet | Troupe Master Grimm| Nightmare King Grimm
49%
...one of the boss battles this enemyspawns in Broken Vessel | Lost Kin | Winged Nosk
43%
Item that is found by climbing up thewell leading to Dirtmouth Hallownest seal
43%
Sub-area where this bench is found Lake of Unn
39%
Sole charm found within the City of Tears Spell twister
35%
Any ghost that is not a dream boss,outwith the Spirits' Glade
33%
Any sub-area found within the easternportion of deepnest Failed Tramway | Weavers' Den
32%
The name of this enemy Infected Balloon
29%
Insect that is found outside theShrine of Believers Moth
29%
Boss that is described in the Hall of Godsas the 'Joyful god of protection' The collector
28%
Infected version of wandering husk Violent husk
22%
Material that composes the Godseeker'stemporary tuning device, found only once and rarely when entering Godhome Carapace
4%
...a non-boss ghost that was not addedby any backer The Traitor's Child | Hive Queen Vespa
1%
No matching quizzes found
Score Distribution
Percent of People with Each Score
Percentile by Number Answered
Your Score History
You have not taken this quiz